El centro de estudio independiente en las escuelas primarias /
Guardado en:
| Autor Principal: | |
|---|---|
| Formato: | Libro |
| Publicado: |
Argentina :
Guadalupe,
1975
|
| Series: | Pedag¢gica, 33
|
| Materias: | |
| Etiquetas: |
Agregar Etiqueta
Sin Etiquetas, Sea el primero en etiquetar este registro!
|
| LEADER | 00543nam a22001815a 4500 | ||
|---|---|---|---|
| 001 | CEM.cems002937 | ||
| 005 | 19000101000000.0 | ||
| 008 | 130507s1975##################000#0#####d | ||
| 003 | CEMS | ||
| 082 | 0 | 4 | |a 372 |
| 100 | 1 | |a Glasser, Joyce Fern | |
| 245 | 1 | 0 | |a El centro de estudio independiente en las escuelas primarias / |c Joyce Fern Glasser |
| 260 | |a Argentina : |b Guadalupe, |c 1975 | ||
| 300 | |a 208 p. | ||
| 490 | 0 | |a Pedag¢gica, 33 | |
| 653 | |a Didactica especial | ||
| 653 | |a Educacion | ||
| 859 | |a CEMS |b BIB. CEMS - 11 de abril |h 372 |i G464 |p 14250.86 |t Ej.1 | ||
